Guess the Capital City from Flag 10 - Statistics

General Stats
  • This quiz has been taken 19 times
  • The average score is 14 of 17
Answer Stats
Picture Answer % Correct
Panama City
100%
Bern
94%
Monaco
94%
Rome
94%
Tehran
94%
Abu Dhabi
88%
Baghdad
88%
Belgrade
88%
Budapest
88%
Manama
88%
Pyongyang
81%
Yerevan
81%
Kuala Lumpur, Putrajaya
75%
Moroni
69%
Palikir
63%
Funafuti
56%
Yaren
50%
No matching quizzes found
Score Distribution
Percent of People with Each Score
Percentile by Number Answered
Your Score History
You have not taken this quiz